Network security essentials : applications and standards (Record no. 188448)
[ view plain ]
| 000 -LEADER | |
|---|---|
| fixed length control field | 00518nam a2200181Ia 4500 |
| 005 - DATE AND TIME OF LATEST TRANSACTION | |
| control field | 20241216094032.0 |
| 008 - FIXED-LENGTH DATA ELEMENTS--GENERAL INFORMATION | |
| fixed length control field | 231217s9999 xx 000 0 und d |
| 020 ## - INTERNATIONAL STANDARD BOOK NUMBER | |
| International Standard Book Number | 9788131716649 |
| 082 ## - DEWEY DECIMAL CLASSIFICATION NUMBER | |
| Classification number | 001.64404 STA;15 |
| 100 ## - MAIN ENTRY--PERSONAL NAME | |
| Personal name | Stallings, William. |
| 245 #0 - TITLE STATEMENT | |
| Title | Network security essentials : applications and standards |
| 250 ## - EDITION STATEMENT | |
| Edition statement | 3rd ed. |
| 260 ## - PUBLICATION, DISTRIBUTION, ETC. (IMPRINT) | |
| Date of publication, distribution, etc. | 2008 |
| Name of publisher, distributor, etc. | Dorling Kindersley |
| Place of publication, distribution, etc. | New Delhi |
| 300 ## - PHYSICAL DESCRIPTION | |
| Extent | xiv, 409 |
| 500 ## - GENERAL NOTE | |
| General note | Content pages available. |
| 650 ## - SUBJECT ADDED ENTRY--TOPICAL TERM | |
| Topical term or geographic name as entry element | Network,essentials,standards |
| 942 ## - ADDED ENTRY ELEMENTS (KOHA) | |
| Koha item type | Books |
| Date last seen | Total Checkouts | Full call number | Accession number | Old discount | Uniform Resource Identifier | Cost, replacement price | Price effective from | Category | Lost status | Damaged status | Department | Withdrawn status | bill no. | bill date | Permanent Location | Current Location | Shelving location | Entry date | Vendor | Cost, normal purchase price | Grants | Currency symbol | Conversion rate | Discount | Discount type |
|---|---|---|---|---|---|---|---|---|---|---|---|---|---|---|---|---|---|---|---|---|---|---|---|---|---|
| 26/01/2024 | 001.64404 STA;15 | 70911 | 28 | digital/contents/54739.pdf | 241.20 | 26/01/2024 | Books | Central Library | 59992 | 25/02/2014 | Central Library | Central Library | Central Library | 30/08/2010 | Book Paradise | 335.00 | CS | RS | 1 | 93.8 | Rupees | ||||
| 26/01/2024 | 001.64404 STA;16 | 70912 | 28 | digital/contents/54739.pdf | 241.20 | 26/01/2024 | Books | Central Library | 59992 | 25/02/2014 | Central Library | Central Library | Central Library | 30/08/2010 | Book Paradise | 335.00 | CS | RS | 1 | 93.8 | Rupees | ||||
| 26/01/2024 | 001.64404 STA;17 | 70913 | 28 | digital/contents/54739.pdf | 241.20 | 26/01/2024 | Books | Central Library | 59992 | 25/02/2014 | Central Library | Central Library | Central Library | 30/08/2010 | Book Paradise | 335.00 | CS | RS | 1 | 93.8 | Rupees | ||||
| 26/01/2024 | 001.64404 STA;18 | 70914 | 28 | digital/contents/54739.pdf | 241.20 | 26/01/2024 | Books | Central Library | 59992 | 25/02/2014 | Central Library | Central Library | Central Library | 30/08/2010 | Book Paradise | 335.00 | CS | RS | 1 | 93.8 | Rupees | ||||
| 26/01/2024 | 001.64404 STA;19 | 70915 | 28 | digital/contents/54739.pdf | 241.20 | 26/01/2024 | Books | Central Library | 59992 | 25/02/2014 | Central Library | Central Library | Central Library | 30/08/2010 | Book Paradise | 335.00 | CS | RS | 1 | 93.8 | Rupees | ||||
| 26/01/2024 | 001.64404 STA;20 | 78731 | digital/contents/54739.pdf | 26/01/2024 | Books | Central Library | 01/07/2016 | Central Library | Central Library | Central Library | 28/06/2011 | DONATED | RS | 1 | Rupees | ||||||||||
| 26/01/2024 | 001.64404 STA;21 | 79543 | digital/contents/54739.pdf | 26/01/2024 | Books | CS | 05/10/2016 | Central Library | Central Library | CS | 22/08/2011 | DONATED | RS | 1 | Rupees | ||||||||||
| 26/01/2024 | 001.64404 STA;22 | 79544 | digital/contents/54739.pdf | 26/01/2024 | Books | Central Library | 05/10/2016 | Central Library | Central Library | Central Library | 22/08/2011 | DONATED | RS | 1 | Rupees |
